000 00308nam a2200133Ia 4500
100 _aRase/ H.F
942 _cBK
654 _aProcess plants Design
245 _aPiping designs for Process Plants
260 _bJohn Wiley & Sons
_aNew York
_c1976
082 _a621.8672
300 _a295
546 _aENGLISH
999 _c28575
_d28575